Estadísticas para Ciudades por descripción de Wikipedia #1

Haz click aquí para intentar la prueba.

Estadísticas generales

  • Esta prueba ha sido intentada 25 veces
  • La puntuación promedio es 10 de 20

Estadísticas de respuestas

PistaCiudad% Correcto
Un profundo significado religioso para el judaísmo, el cristianismo y el islamJerusalén
96%
La Défense es un elemento clave de los suburbiosParís
96%
Nacen de un error basado en la homofonía entre la palabra catalana vella y la francesa vieilleAndorra la Vieja
88%
La iglesia de Santa Sofía fue convertida en una mezquitaEstambul
88%
Los monumentos en honor de Kim Il-sung iluminados por la noche tienen su propia fuente de alimentaciónPionyang
88%
El fileteado, el lunfardo, el tango, el mate y los carnavales porteñosBuenos Aires
84%
En la ribera derecha del Duero en su desembocadura en el océano AtlánticoOporto
72%
En honor al primer presidente de la República, Nursultan NazarbayevAstaná
56%
Es la ciudad portuaria más poblada de la IndiaBombay
56%
El mayor estadio del país es el Parken Stadion, localizado en ØsterbroCopenhague
56%
El Campeonato Mundial 2018 representará un estímulo importante para el desarrollo del movimiento deportivoMoscú
56%
Etruscos, latinos, volscos y ecuos, entre otrosRoma
48%
En ese momento fue nombrada "Corazón de la Amazonía" y "La ciudad de los bosques"Manaus
40%
En 2012 cuenta con 442 km de longitud, 16 líneas en total, lo que lo convierte en el servicio de metro más extenso del mundoPekín
36%
Literalmente «ciudad de los leones»Singapur
20%
Aunque está en construcción la futura capital Oyala-Ciudad de la PazMalabo
16%
La ciudad solo tiene conexión aérea y fluvial al resto del país con la sola excepción de la ruta departamental LO-103Iquitos
12%
Hasta el 11 de octubre de 1945, fue ocupada por tropas españolas enviadas por Francisco FrancoTánger
12%
Es el punto antípoda de las islas BermudasPerth
4%
Apodada "La esquina de Latinoamérica", la ciudad ha servido históricamente como un centro turístico que se remonta a la década de 1880Tijuana
4%

Distribución de puntuación

Porcentaje por número respondido

Porcentaje de gente con cada puntuación

Historial de tus puntuaciones

No has intentado esta prueba.